Top 10 Countries with the Most Multilingual Speakers - Statistics

General Stats
  • This quiz has been taken 419 times
  • The average score is 8 of 10
Answer Stats
Speakers Country % Correct
350 mil China
97%
255 mil India
97%
64.9 mil United States
97%
42.8 mil Indonesia
81%
58.6 mil Mexico
78%
68.3 mil Pakistan
74%
82.9 mil Nigeria
70%
42.4 mil South Africa
66%
40.3 mil Philippines
58%
68.1 mil DR Congo
56%
No matching quizzes found
Score Distribution
Percent of People with Each Score
Percentile by Number Answered
Your Score History
You have not taken this quiz